Coatings Imparting Multifunctional Properties to Materials (Record no. 15420)
[ view plain ]
| 000 -LEADER | |
|---|---|
| fixed length control field | 01015nam a2200133Ia 4500 |
| 008 - FIXED-LENGTH DATA ELEMENTS--GENERAL INFORMATION | |
| fixed length control field | 220615s9999||||xx |||||||||||||| ||und|| |
| 020 ## - INTERNATIONAL STANDARD BOOK NUMBER | |
| International Standard Book Number | 9783040000000 |
| 245 #0 - TITLE STATEMENT | |
| Title | Coatings Imparting Multifunctional Properties to Materials |
| 546 ## - LANGUAGE NOTE | |
| Language note | English[eng] |
| 650 ## - SUBJECT ADDED ENTRY--TOPICAL TERM | |
| Topical term or geographic name entry element | cellulose textile material||microencapsulation||antibacterial||antimycotic||wound healing properties||silver||polyelectrolyte microcapsules||multifunctional||carbon soot coatings||super-nonwettable||nanostructured polymer coating||polyacrylate dispersion||nanodispersed fillers||graft copolymers||composite parts of a garment||superhydrophobic||oleophobic||click chemistry||silica||fluorinated epoxy||coatings||polypropylene yarn||polytetrafluoroethylene||magnetite nanoparticles||barrier antimicrobial properties||surface electrical resistance||chemical resistance||tensile strength||alumina (Al2O3) coating||self-cleaning||composite coating||n/a |
| 700 ## - ADDED ENTRY--PERSONAL NAME | |
| Personal name | Prorokova, N. P. |
| 856 ## - ELECTRONIC LOCATION AND ACCESS | |
| Uniform Resource Identifier | <a href="https://mdpi.com/books/pdfview/book/4575">https://mdpi.com/books/pdfview/book/4575</a> |
| 942 ## - ADDED ENTRY ELEMENTS (KOHA) | |
| Koha item type | E-Books |
| Withdrawn status | Lost status | Damaged status | Not for loan | Home library | Current library | Date acquired | Total Checkouts | Date last seen | Price effective from | Koha item type |
|---|---|---|---|---|---|---|---|---|---|---|
| Kerala University of Digital Sciences, Innovation and Technology Knowledge Centre | Kerala University of Digital Sciences, Innovation and Technology Knowledge Centre | 15/06/2022 | 15/06/2022 | 15/06/2022 | E-Books |